| 000 | 00995cab a2200241 4500 | ||
|---|---|---|---|
| 001 | ABS53080 | ||
| 008 | 090401t1995 xxu||||| |||| 00| 0 eng d | ||
| 035 | _a(Sirsi) u1858 | ||
| 041 | _aeng | ||
| 100 | _aLangdon, M. | ||
| 245 | _aMaking sure the landlord knows when the end is nigh | ||
| 260 | _c1995 | ||
| 350 | _a0 | ||
| 490 |
_aProperty Week _v51(12) 22 June 1995, 31(1) |
||
| 520 | _aThe "Long Acre" and "Esselte" cases have focused attention on the Landlord and Tenant Act 1954 s27 relating to the termination of fixed-term business tenancies. Discusses the importance of tenants` serving notice of terminating a tenancy even if the tenant has ceased to carry on business there on or before the contractual date and has vacated the premises. | ||
| 650 | _aBUSINESS TENANCIES | ||
| 650 | _aLANDLORD AND TENANT ACT 1954 S27 | ||
| 650 | _aNOTICE OF TERMINATION | ||
| 650 | _aTERMINATION | ||
| 690 | _aLANDLORD AND TENANT-BUSINESS TENANCIES | ||
| 942 | _n0 | ||
| 948 | _c04/03/1997 | ||
| 999 |
_c1079 _d1079 |
||